LEADER 01900oam 2200493M 450 001 9910716465103321 005 20200213070951.5 035 $a(CKB)5470000002521493 035 $a(OCoLC)1065625990 035 $a(OCoLC)995470000002521493 035 $a(EXLCZ)995470000002521493 100 $a20071213d1927 ua 0 101 0 $aeng 135 $aurcn||||||||| 181 $ctxt$2rdacontent 182 $cc$2rdamedia 183 $acr$2rdacarrier 200 10$aBridge across Ohio River between Point Pleasant, W. Va., and Gallia County, Ohio. January 19, 1927. -- Referred to House Calendar and ordered to be printed 210 1$a[Washington, D.C.] :$c[U.S. Government Printing Office],$d1927. 215 $a1 online resource (2 pages) 225 1 $aHouse report / 69th Congress, 2nd session. House ;$vno. 1799 225 1 $a[United States congressional serial set] ;$v[serial no. 8688] 300 $aBatch processed record: Metadata reviewed, not verified. Some fields updated by batch processes. 300 $aFDLP item number not assigned. 606 $aBridge construction industry 606 $aBridges$xDesign and construction 606 $aBridges 606 $aConstruction industry 606 $aLegislative amendments 608 $aLegislative materials.$2lcgft 615 0$aBridge construction industry. 615 0$aBridges$xDesign and construction. 615 0$aBridges. 615 0$aConstruction industry. 615 0$aLegislative amendments. 701 $aCooper$b John Gordon$f1872-1955$pRepublican (OH)$01389183 801 0$bWYU 801 1$bWYU 801 2$bOCLCO 801 2$bOCLCQ 906 $aBOOK 912 $a9910716465103321 996 $aBridge across Ohio River between Point Pleasant, W. Va., and Gallia County, Ohio. January 19, 1927. -- Referred to House Calendar and ordered to be printed$93489809 997 $aUNINA LEADER 02044nam0 22004333i 450 001 UBO3930646 005 20251003044424.0 100 $a20180702d2012 ||||0itac50 ba 101 | $aita 102 $ait 181 1$6z01$ai $bxxxe 182 1$6z01$an 183 1$6z01$anc$2RDAcarrier 200 1 $aGestire il risparmio$el'investimento$ei diversi modi per trarre profitto dall'utilizzo degli strumenti finanziari$f[Marco Lo Conte] 210 $aMilano$cIl sole 24 ore$d2012 215 $a95 p.$d20 cm 225 | $aRisparmio & investimenti in tempo di crisi$i. Le guide di Plus 24, I tuoi soldi$v7 300 $aIl curatore si ricava dal verso dell'occhietto 300 $aIn copertina: Le guide di Plus 24 300 $aDistribuito con: Il sole-24 ore 410 0$1001UBO3920525$12001 $aRisparmio & investimenti in tempo di crisi$i. Le guide di Plus 24, I tuoi soldi$v7 606 $aInvestimenti$xGuide$2FIR$3LO1C775792$9I 606 $aRisparmio$xGuide pratiche$2FIR$3LO1C029128$9I 676 $a332$9ECONOMIA FINANZIARIA$v23 676 $a332.0415$9ECONOMIA FINANZIARIA. FORMAZIONE E RISPARMIO DEL CAPITALE$v21 676 $a332.0415$9ECONOMIA FINANZIARIA. FORMAZIONE E RISPARMIO DEL CAPITALE$v22 696 $aInvestimenti finanziari$aGuide turistiche$aGuide di viaggio 699 $aInvestimenti$yInvestimenti finanziari 699 $aGuide$zGuide turistiche 699 $aGuide$yGuide di viaggio 702 1$aLo Conte$b, Marco$3MILV134950 801 3$aIT$bIT-000000$c20180702 850 $aIT-BN0095 901 $bNAP 01$cPOZZO LIB.$nVi sono collocati fondi di economia, periodici di ingegneria e scienze, periodici di economia e statistica e altri fondi comprendenti documenti di economia pervenuti in dono. 912 $aUBO3930646 950 0$aBiblioteca Centralizzata di Ateneo$c1 v.$d 01POZZO LIB.F. CORTI 506$e 01 0000126705E VMA 1 op.$fB $h20230918$i20230927 977 $a 01 996 $aGestire il risparmio$93558958 997 $aUNISANNIO